| 000 | 00418nam a2200181Ia 4500 | ||
|---|---|---|---|
| 005 | 20250603150028.0 | ||
| 008 | 250603s9999 xx 000 0 und d | ||
| 020 | _a9789351118237 | ||
| 050 | _aTK 1541 .P37/ | ||
| 100 | _aDr .D. Prassad | ||
| 245 | 0 | _aWind electrical system | |
| 260 | _aNew Delhi | ||
| 260 | _bRandom Publications | ||
| 260 | _c2016 | ||
| 300 | _a278 p | ||
| 650 | _aNew Delhi | ||
| 942 | _cBK | ||
| 999 |
_c43554 _d43554 |
||